[Event "2nd White Rose"]
[Site "York"]
[Date "2000.01.28"]
[Round "5"]
[White "Forbes, Cathy"]
[Black "Fantin, Ludwig"]
[Result "0-1"]
[WhiteElo "2089"]
[BlackElo "2114"]
[PlyCount "76"]
[EventDate "2000.01.24"]
[EventType "tourn"]
[EventRounds "9"]
[EventCountry "ENG"]
[EventCategory "1"]
[SourceTitle "BritBase"]
[Source "John Saunders"]
[SourceDate "2008.07.14"]
[SourceVersion "1"]
[SourceVersionDate "2008.07.14"]
[SourceQuality "2"]

1. d4 Nf6 2. Nf3 g6 3. Nc3 d5 4. Bf4 Bg7 5. e3 O-O 6. Be2 c6 7. O-O Nbd7 8. h3
Re8 9. Ne5 Nxe5 10. Bxe5 Bh6 11. Bh2 Bf5 12. g4 Bc8 13. f4 Bg7 14. g5 Nd7 15.
Bg4 Nb6 16. Qd3 Nc4 17. b3 Nd6 18. Ne2 Bf5 19. Bxf5 Nxf5 20. Ng3 e6 21. Nxf5
exf5 22. Rad1 Re4 23. Kg2 Qe7 24. Bg1 Qa3 25. Kf3 a6 26. c4 Rc8 27. c5 Qa5 28.
Rf2 Qc7 29. b4 Rce8 30. Rh2 Bxd4 31. exd4 Qxf4+ 32. Kg2 Re2+ 33. Kh1 R8e3 34.
Rxe2 Qf3+ 35. Rg2 Qxh3+ 36. Rh2 Qf3+ 37. Rg2 Rxd3 38. Rxd3 Qxd3 0-1

[Event "2nd White Rose"]
[Site "York"]
[Date "2000.01.28"]
[Round "5"]
[White "Jamieson, Peter McKeich"]
[Black "Frost, Nicholas A"]
[Result "1-0"]
[WhiteElo "2295"]
[BlackElo "2109"]
[PlyCount "53"]
[EventDate "2000.01.24"]
[EventType "tourn"]
[EventRounds "9"]
[EventCountry "ENG"]
[EventCategory "1"]
[SourceTitle "BritBase"]
[Source "John Saunders"]
[SourceDate "2008.07.14"]
[SourceVersion "1"]
[SourceVersionDate "2008.07.14"]
[SourceQuality "2"]

1. e4 e6 2. d4 d5 3. Nd2 Nf6 4. e5 Nfd7 5. Bd3 c5 6. c3 Nc6 7. Ne2 cxd4 8. cxd4
f6 9. exf6 Nxf6 10. O-O Bd6 11. Nf3 O-O 12. Bf4 Bxf4 13. Nxf4 Qd6 14. g3 Bd7
15. Re1 Rae8 16. Ne5 Bc8 17. Rc1 a6 18. a3 Nd7 19. Qc2 Ndxe5 20. dxe5 Nxe5 21.
Bxh7+ Kf7 22. Bg6+ Kg8 23. Bh7+ Kf7 24. Qe2 g6 25. Qxe5 Qxe5 26. Rxe5 Kf6 27.
Rce1 1-0

[Event "2nd White Rose"]
[Site "York"]
[Date "2000.01.29"]
[Round "6"]
[White "Fantin, Ludwig"]
[Black "Wooldridge, Leon"]
[Result "1-0"]
[WhiteElo "2114"]
[BlackElo "2185"]
[PlyCount "85"]
[EventDate "2000.01.24"]
[EventType "tourn"]
[EventRounds "9"]
[EventCountry "ENG"]
[EventCategory "1"]
[SourceTitle "BritBase"]
[Source "John Saunders"]
[SourceDate "2008.07.14"]
[SourceVersion "1"]
[SourceVersionDate "2008.07.14"]
[SourceQuality "2"]

1. e4 e5 2. Nf3 Nc6 3. Bb5 Nf6 4. O-O Nxe4 5. d4 Nd6 6. Bxc6 dxc6 7. dxe5 Nf5
8. Qxd8+ Kxd8 9. Nc3 Ke8 10. h3 Ne7 11. Ne4 Ng6 12. Re1 Bb4 13. c3 Be7 14. a4
a5 15. Bg5 h6 16. Bxe7 Kxe7 17. Rad1 Re8 18. c4 Kf8 19. Nc5 {(Draw offer)} Nf4
20. Nd4 b6 21. Nd3 Nxd3 22. Rxd3 Bb7 23. f4 c5 24. Nb5 Bc6 25. Nxc7 Rad8 {
(Draw offer)} 26. Red1 Rxd3 27. Rxd3 Rc8 28. Nb5 Ke7 29. Rd6 Be4 30. Nc3 Bc2
31. Nd5+ Ke8 32. Nxb6 Rd8 33. Kf2 Rxd6 34. exd6 f5 35. g4 g6 36. Kg3 Kf7 37. g5
h5 38. Nd7 Ke6 39. Nf8+ Kxd6 40. Nxg6 Bxa4 41. Ne5 Bd1 42. g6 Ke7 43. g7 1-0

[Event "2nd White Rose"]
[Site "York"]
[Date "2000.01.29"]
[Round "6"]
[White "Forbes, Cathy"]
[Black "Jamieson, Peter McKeich"]
[Result "0-1"]
[WhiteElo "2089"]
[BlackElo "2295"]
[PlyCount "78"]
[EventDate "2000.01.24"]
[EventType "tourn"]
[EventRounds "9"]
[EventCountry "ENG"]
[EventCategory "1"]
[SourceTitle "BritBase"]
[Source "John Saunders"]
[SourceDate "2008.07.14"]
[SourceVersion "1"]
[SourceVersionDate "2008.07.14"]
[SourceQuality "2"]

1. d4 Nf6 2. Nf3 g6 3. h3 Bg7 4. c4 d5 5. Nc3 O-O 6. cxd5 Nxd5 7. e4 Nxc3 8.
bxc3 c5 9. Be2 Nc6 10. Be3 cxd4 11. cxd4 Qa5+ 12. Bd2 Qa3 13. O-O Nxd4 14. Nxd4
Bxd4 15. Bh6 Rd8 16. Qc1 Qxc1 17. Raxc1 Bd7 18. Rc7 Bc6 19. Bc4 e6 20. Bg5 Rdc8
21. Rxc8+ Rxc8 22. Rd1 Bg7 23. f3 h6 24. Be3 a6 25. Bb6 Be5 26. Be2 Ba4 27.
Rd8+ Rxd8 28. Bxd8 Bd4+ 29. Kf1 Kf8 30. Ba5 Ke7 31. Ke1 Kd6 32. Kd2 Kc6 33. f4
Bb5 34. Bf3 Bc4 35. a4 b6 36. Bb4 a5 37. Bf8 h5 38. e5+ Bd5 39. Kd3 Bc5 {time}
0-1

[Event "2nd White Rose"]
[Site "York"]
[Date "2000.01.29"]
[Round "6"]
[White "Frost, Nicholas A"]
[Black "Dunnington, Angus"]
[Result "0-1"]
[WhiteElo "2109"]
[BlackElo "2372"]
[PlyCount "60"]
[EventDate "2000.01.24"]
[EventType "tourn"]
[EventRounds "9"]
[EventCountry "ENG"]
[EventCategory "1"]
[SourceTitle "BritBase"]
[Source "John Saunders"]
[SourceDate "2008.07.14"]
[SourceVersion "1"]
[SourceVersionDate "2008.07.14"]
[SourceQuality "2"]

1. e4 g6 2. Nc3 c6 3. d4 d5 4. e5 f6 5. f4 Nh6 6. Nf3 Bg4 7. Be2 Nf5 8. h3 Bxf3
9. Bxf3 fxe5 10. fxe5 e6 11. O-O Qb6 12. Ne2 c5 13. c3 cxd4 14. cxd4 Nc6 15.
Kh2 Bg7 16. Bg4 Ncxd4 17. Bf4 O-O 18. Bxf5 Nxf5 19. Qd2 Rf7 20. g4 Ne7 21. Ng3
Raf8 22. Rae1 Nc6 23. Kg2 Qb4 24. Qxb4 Nxb4 25. Bd2 Nd3 26. Re2 Rxf1 27. Nxf1
Bxe5 28. Bh6 Bg7 29. Bg5 e5 30. Rd2 Ne1+ 0-1

[Event "2nd White Rose"]
[Site "York"]
[Date "2000.01.29"]
[Round "6"]
[White "Kinsman, Andrew"]
[Black "Jonkman, Harmen"]
[Result "1/2-1/2"]
[WhiteElo "2399"]
[BlackElo "2446"]
[PlyCount "21"]
[EventDate "2000.01.24"]
[EventType "tourn"]
[EventRounds "9"]
[EventCountry "ENG"]
[EventCategory "1"]
[SourceTitle "BritBase"]
[Source "John Saunders"]
[SourceDate "2008.07.14"]
[SourceVersion "1"]
[SourceVersionDate "2008.07.14"]
[SourceQuality "2"]

1. d4 d5 2. Nf3 Nf6 3. c4 dxc4 4. e3 e6 5. Bxc4 c5 6. O-O a6 7. dxc5 Qxd1 8.
Rxd1 Bxc5 9. a3 Ke7 10. b4 Bd6 11. Bb2 1/2-1/2

[Event "2nd White Rose"]
[Site "York"]
[Date "2000.01.29"]
[Round "6"]
[White "Saunders, John C"]
[Black "Benitah, Yohan"]
[Result "1/2-1/2"]
[WhiteElo "2200"]
[BlackElo "2397"]
[PlyCount "48"]
[EventDate "2000.01.24"]
[EventType "tourn"]
[EventRounds "9"]
[EventCountry "ENG"]
[EventCategory "1"]
[SourceTitle "BritBase"]
[Source "John Saunders"]
[SourceDate "2008.07.14"]
[SourceVersion "1"]
[SourceVersionDate "2008.07.14"]
[SourceQuality "2"]

1. e4 e6 2. d4 d5 3. Nd2 Nf6 4. e5 Nfd7 5. Bd3 c5 6. c3 Nc6 7. Ne2 cxd4 8. cxd4
f6 9. exf6 Nxf6 10. Nf3 Bd6 11. O-O Qc7 12. Nc3 a6 13. Bg5 O-O 14. Rc1 Bd7 15.
Re1 Ng4 16. g3 Nxd4 17. Nxd4 Nxf2 18. Bxh7+ Kxh7 19. Qh5+ Kg8 20. Ne4 Qb6 21.
Nf6+ Rxf6 22. Bxf6 Rf8 23. Bxg7 Kxg7 24. Rxe6 Bxe6 1/2-1/2

[Event "2nd White Rose"]
[Site "York"]
[Date "2000.01.30"]
[Round "7"]
[White "Benitah, Yohan"]
[Black "Frost, Nicholas A"]
[Result "1/2-1/2"]
[WhiteElo "2397"]
[BlackElo "2109"]
[PlyCount "80"]
[EventDate "2000.01.24"]
[EventType "tourn"]
[EventRounds "9"]
[EventCountry "ENG"]
[EventCategory "1"]
[SourceTitle "BritBase"]
[Source "John Saunders"]
[SourceDate "2008.07.14"]
[SourceVersion "1"]
[SourceVersionDate "2008.07.14"]
[SourceQuality "2"]

1. d4 e6 2. c4 b6 3. Nc3 Bb7 4. e3 f5 5. f3 Bb4 6. Bd2 Nf6 7. Bd3 Bxc3 8. bxc3
O-O 9. Ne2 c5 10. O-O d6 11. Qc2 Nc6 12. e4 fxe4 13. fxe4 e5 14. d5 Ne7 15. Bg5
Ng6 16. Ng3 h6 17. Bxf6 Rxf6 18. Rxf6 Qxf6 19. Rf1 Qe7 20. Nf5 Qc7 21. g3 Rf8
22. Qe2 Kh7 23. Qh5 Qd8 24. g4 Ne7 25. h4 Ng8 26. g5 g6 27. Qg4 Bc8 28. Qg2 h5
29. Rf3 Ne7 {(Draw offer)} 30. Nh6 Kg7 31. Bc2 Rxf3 32. Qxf3 Qf8 33. Qxf8+ Kxf8
34. Ba4 Ng8 35. Nxg8 Kxg8 36. Kf2 Ba6 37. Bb3 Kf7 38. Ke3 Ke7 39. Kd3 Bc8 40.
Bd1 Bh3 1/2-1/2

[Event "2nd White Rose"]
[Site "York"]
[Date "2000.01.30"]
[Round "7"]
[White "Dunnington, Angus"]
[Black "Forbes, Cathy"]
[Result "1-0"]
[WhiteElo "2372"]
[BlackElo "2089"]
[PlyCount "77"]
[EventDate "2000.01.24"]
[EventType "tourn"]
[EventRounds "9"]
[EventCountry "ENG"]
[EventCategory "1"]
[SourceTitle "BritBase"]
[Source "John Saunders"]
[SourceDate "2008.07.14"]
[SourceVersion "1"]
[SourceVersionDate "2008.07.14"]
[SourceQuality "2"]

1. e4 c5 2. Nf3 e6 3. d3 Nc6 4. g3 g6 5. Bg5 Qb6 6. Nbd2 Qxb2 7. Nc4 Qg7 8. Rb1
f6 9. Bd2 Nh6 10. c3 Be7 11. d4 Nf7 12. h4 h5 13. Qa4 O-O 14. d5 exd5 15. exd5
Nce5 16. Nfxe5 Nxe5 17. Nb6 Nf3+ 18. Kd1 Nxd2 19. Kxd2 Qh6+ 20. Kc2 axb6 21.
Qxa8 d6 22. Qa4 Bd8 23. Bh3 f5 24. Rhe1 Qg7 25. Re8 Bd7 26. Rxf8+ Kxf8 27. Qf4
Bc7 28. Bf1 b5 29. Bxb5 Bxb5 30. Rxb5 Qe7 31. Qh6+ Ke8 32. Qxg6+ Kd8 33. Qg5 b6
34. Rb1 Qxg5 35. hxg5 Ke7 36. Rh1 Kf7 37. Rxh5 Kg6 38. Rh8 Kxg5 39. Rc8 1-0

[Event "2nd White Rose"]
[Site "York"]
[Date "2000.01.30"]
[Round "7"]
[White "Jamieson, Peter McKeich"]
[Black "Fantin, Ludwig"]
[Result "1-0"]
[WhiteElo "2295"]
[BlackElo "2114"]
[PlyCount "151"]
[EventDate "2000.01.24"]
[EventType "tourn"]
[EventRounds "9"]
[EventCountry "ENG"]
[EventCategory "1"]
[SourceTitle "BritBase"]
[Source "John Saunders"]
[SourceDate "2008.07.14"]
[SourceVersion "1"]
[SourceVersionDate "2008.07.14"]
[SourceQuality "2"]

1. d4 Nf6 2. Nf3 g6 3. g3 Bg7 4. Bg2 O-O 5. O-O d6 6. c4 Nc6 7. Nc3 a6 8. e4 e5
9. d5 Ne7 10. c5 dxc5 11. Nxe5 Nxe4 12. Nxe4 Bxe5 13. Bh6 Bg7 14. Bxg7 Kxg7 15.
Nxc5 Nf5 16. Rc1 Nd6 17. Ne4 Nxe4 18. Bxe4 Bh3 19. Re1 Rc8 20. Qb3 b6 21. Bd3
Ra8 22. Qc3+ Kg8 23. Qxc7 Qxd5 24. Be4 Qxa2 25. Bxa8 Rxa8 26. Qe5 a5 27. Red1
Qe6 28. Qxe6 Bxe6 29. Rd6 b5 30. Rb6 Bc4 31. f3 a4 32. Rc3 Rd8 33. Rc2 Rd3 34.
Kf2 a3 35. bxa3 Rxa3 36. Rb2 Rd3 37. Ra6 Kg7 38. Ra1 Rc3 39. Re1 Ra3 40. Re3
Ra7 41. Ke1 Rd7 42. Rd2 Rc7 43. Rb2 Rd7 44. Ra3 Rd6 45. Kf2 Re6 46. Ra1 Kf6 47.
Re1 Rd6 48. h4 Rd3 49. Re8 h5 50. Re3 Rd8 51. g4 Rd4 52. Kg3 hxg4 53. fxg4 Kg7
54. Rf3 Rd5 55. h5 Rd1 56. hxg6 Kxg6 57. Rf4 Rd3+ 58. Kh4 Rc3 59. Rd2 Rd3 60.
Rxd3 Bxd3 61. Rd4 Bc2 62. Rd6+ Kg7 63. Rb6 Bd3 64. Kg5 Bc4 65. Kf5 Bd3+ 66. Ke5
Be2 67. g5 Bd3 68. Rd6 Bc2 69. Rd4 Bg6 70. Kd6 b4 71. Rxb4 Bf5 72. Ke5 Bg6 73.
Rb6 Bd3 74. Rf6 Bg6 75. Kd6 Kf8 76. Rxg6 1-0

[Event "2nd White Rose"]
[Site "York"]
[Date "2000.01.30"]
[Round "7"]
[White "Jonkman, Harmen"]
[Black "Saunders, John C"]
[Result "1-0"]
[WhiteElo "2446"]
[BlackElo "2200"]
[PlyCount "51"]
[EventDate "2000.01.24"]
[EventType "tourn"]
[EventRounds "9"]
[EventCountry "ENG"]
[EventCategory "1"]
[SourceTitle "BritBase"]
[Source "John Saunders"]
[SourceDate "2008.07.14"]
[SourceVersion "1"]
[SourceVersionDate "2008.07.14"]
[SourceQuality "2"]

1. e4 c6 2. d4 d5 3. Nd2 dxe4 4. Nxe4 Nd7 5. Ng5 e6 6. Bd3 Ngf6 7. N1f3 Bd6 8.
Qe2 h6 9. Ne4 Nxe4 10. Qxe4 c5 11. Bd2 Qb6 12. Qg4 Kf8 13. Bc3 Nf6 14. dxc5
Bxc5 15. Qg3 Bd7 16. O-O Bc6 17. Ne5 Rd8 18. Nc4 Qa6 19. a4 Bd5 20. Qc7 Bb6 21.
Qf4 Bxc4 22. Bxc4 Rd4 23. Qxd4 Bxd4 24. Bxa6 Bxc3 25. bxc3 bxa6 26. Rab1 1-0

[Event "2nd White Rose"]
[Site "York"]
[Date "2000.01.30"]
[Round "7"]
[White "Wooldridge, Leon"]
[Black "Kinsman, Andrew"]
[Result "0-1"]
[WhiteElo "2185"]
[BlackElo "2399"]
[PlyCount "62"]
[EventDate "2000.01.24"]
[EventType "tourn"]
[EventRounds "9"]
[EventCountry "ENG"]
[EventCategory "1"]
[SourceTitle "BritBase"]
[Source "John Saunders"]
[SourceDate "2008.07.14"]
[SourceVersion "1"]
[SourceVersionDate "2008.07.14"]
[SourceQuality "2"]

1. d4 Nf6 2. c4 c5 3. d5 b5 4. cxb5 a6 5. bxa6 g6 6. Nc3 Bxa6 7. g3 d6 8. Bg2
Bg7 9. Nh3 Nbd7 10. O-O O-O 11. Qd2 Qa5 12. Nf4 c4 13. Qe3 Ne5 14. Bf3 Bb7 15.
h4 Rac8 16. Rd1 Qa8 17. Bg2 Rfe8 18. Bh3 Rc5 19. Qd2 Ra5 20. Qc2 Nfg4 21. Bd2
Qa7 22. Be1 Bc8 23. a4 Bd7 24. Nb5 Bxb5 25. Bxg4 Nxg4 26. axb5 Rxa1 27. b6 Qa4
28. Rxa1 Qxc2 29. b7 Qxb2 30. Ra8 Rf8 31. Bb4 Qxb4 0-1

[Event "2nd White Rose"]
[Site "York"]
[Date "2000.01.31"]
[Round "8"]
[White "Fantin, Ludwig"]
[Black "Kinsman, Andrew"]
[Result "0-1"]
[WhiteElo "2114"]
[BlackElo "2399"]
[PlyCount "32"]
[EventDate "2000.01.24"]
[EventType "tourn"]
[EventRounds "9"]
[EventCountry "ENG"]
[EventCategory "1"]
[SourceTitle "BritBase"]
[Source "John Saunders"]
[SourceDate "2008.07.14"]
[SourceVersion "1"]
[SourceVersionDate "2008.07.14"]
[SourceQuality "2"]

1. e4 e6 2. d4 d5 3. Nc3 Bb4 4. e5 c5 5. a3 Ba5 6. b4 cxd4 7. Nb5 Bc7 8. f4 Bd7
9. Nf3 Bxb5 10. Bxb5+ Nd7 11. Nxd4 a6 12. Bd3 Bxe5 13. Nxe6 Bc3+ 14. Bd2 Bxd2+
15. Qxd2 fxe6 16. O-O-O Qf6 0-1

[Event "2nd White Rose"]
[Site "York"]
[Date "2000.01.31"]
[Round "8"]
[White "Forbes, Cathy"]
[Black "Benitah, Yohan"]
[Result "0-1"]
[WhiteElo "2089"]
[BlackElo "2397"]
[PlyCount "72"]
[EventDate "2000.01.24"]
[EventType "tourn"]
[EventRounds "9"]
[EventCountry "ENG"]
[EventCategory "1"]
[SourceTitle "BritBase"]
[Source "John Saunders"]
[SourceDate "2008.07.14"]
[SourceVersion "1"]
[SourceVersionDate "2008.07.14"]
[SourceQuality "2"]

1. d4 d5 2. Nf3 Nf6 3. Bf4 c5 4. c3 Nc6 5. e3 Qb6 6. Qb3 c4 7. Qxb6 axb6 8. Na3
Ra5 9. Nc2 Bf5 10. Nb4 Nxb4 11. cxb4 Ra8 12. a3 e5 13. Nxe5 Bxb4+ 14. Kd1 Ne4
15. g4 Be6 16. Ke2 f6 17. Bg2 c3 18. Nd3 cxb2 19. Nxb2 Bc3 20. Rab1 Ba5 21. Nd1
Bxg4+ 22. f3 Bh5 23. Rb5 g5 24. Rxd5 Bf7 25. fxe4 Bxd5 26. Bd6 Bc4+ 27. Kf3 Kf7
28. h4 h5 29. e5 Ke6 30. Nb2 Bb5 31. e4 Bc3 32. d5+ Kd7 33. a4 Bxb2 34. axb5
g4+ 35. Kf4 fxe5+ 36. Bxe5 Raf8+ 0-1

[Event "2nd White Rose"]
[Site "York"]
[Date "2000.01.31"]
[Round "8"]
[White "Frost, Nicholas A"]
[Black "Jonkman, Harmen"]
[Result "0-1"]
[WhiteElo "2109"]
[BlackElo "2446"]
[PlyCount "66"]
[EventDate "2000.01.24"]
[EventType "tourn"]
[EventRounds "9"]
[EventCountry "ENG"]
[EventCategory "1"]
[SourceTitle "BritBase"]
[Source "John Saunders"]
[SourceDate "2008.07.14"]
[SourceVersion "1"]
[SourceVersionDate "2008.07.14"]
[SourceQuality "2"]

1. e4 e5 2. Nf3 Nc6 3. d4 exd4 4. Nxd4 Qf6 5. Be3 Bc5 6. c3 Qg6 7. Nd2 Nf6 8.
Nf5 Bxe3 9. Nxe3 O-O 10. Bd3 d5 11. Qb1 Ne5 12. Bc2 dxe4 13. Nxe4 Nxe4 14. Bxe4
f5 15. Bd5+ Be6 16. Qc2 Bxd5 17. Nxd5 Qa6 18. O-O-O Qxa2 19. Nb4 Qa1+ 20. Qb1
Qxb1+ 21. Kxb1 c6 22. f4 Ng4 23. Rd7 Rf7 24. Rhd1 Re8 25. Rd8 Kf8 26. h3 Ne3
27. Rxe8+ Kxe8 28. Rd2 Re7 29. Rf2 Nc4 30. Kc2 Re3 31. b3 Nd6 32. Kd2 Rg3 33.
Re2+ Ne4+ 0-1

[Event "2nd White Rose"]
[Site "York"]
[Date "2000.01.31"]
[Round "8"]
[White "Jamieson, Peter McKeich"]
[Black "Dunnington, Angus"]
[Result "1/2-1/2"]
[WhiteElo "2295"]
[BlackElo "2372"]
[PlyCount "65"]
[EventDate "2000.01.24"]
[EventType "tourn"]
[EventRounds "9"]
[EventCountry "ENG"]
[EventCategory "1"]
[SourceTitle "BritBase"]
[Source "John Saunders"]
[SourceDate "2008.07.14"]
[SourceVersion "1"]
[SourceVersionDate "2008.07.14"]
[SourceQuality "2"]

1. d4 Nf6 2. c4 c5 3. d5 b5 4. f3 g6 5. e4 Bg7 6. Na3 a6 7. Bd3 O-O 8. Ne2 d6
9. O-O Nfd7 10. Rb1 Ne5 11. b3 Qa5 12. f4 Nxd3 13. Qxd3 b4 14. Nc2 Qxa2 15. Bd2
Qa5 16. Ne3 Nd7 17. Ng3 Qd8 18. e5 dxe5 19. f5 Nf6 20. Ne4 Nxe4 21. Qxe4 e6 22.
f6 Bxf6 23. Rxf6 Qxf6 24. d6 Rb8 25. Ng4 Qd8 26. Bh6 f6 27. Bxf8 Qxf8 28. Rf1
Bb7 29. Qe3 Qxd6 30. Nxf6+ Kg7 31. Nh5+ gxh5 32. Qg5+ Kh8 33. Qf6+ 1/2-1/2

[Event "2nd White Rose"]
[Site "York"]
[Date "2000.01.31"]
[Round "8"]
[White "Saunders, John C"]
[Black "Wooldridge, Leon"]
[Result "1-0"]
[WhiteElo "2200"]
[BlackElo "2185"]
[PlyCount "71"]
[EventDate "2000.01.24"]
[EventType "tourn"]
[EventRounds "9"]
[EventCountry "ENG"]
[EventCategory "1"]
[SourceTitle "BritBase"]
[Source "John Saunders"]
[SourceDate "2008.07.14"]
[SourceVersion "1"]
[SourceVersionDate "2008.07.14"]
[SourceQuality "2"]

1. e4 e6 2. d4 d5 3. e5 c5 4. c3 Nc6 5. Nf3 Qb6 6. a3 c4 7. Be2 f6 8. exf6 gxf6
9. Nh4 Bd7 10. Bh5+ Kd8 11. O-O Bd6 12. Re1 Kc7 13. Nd2 Nge7 14. b3 cxb3 15.
Nxb3 Ng6 16. Nf3 Na5 17. Nxa5 Qxa5 18. g3 Rae8 19. Bd2 Qa4 20. Qc1 Rhg8 21. Be3
Kb8 22. Qb2 Bc6 23. Reb1 Re7 24. Ne1 e5 25. Nd3 Nf4 26. Bxf4 exf4 27. Nb4 fxg3
28. hxg3 f5 29. Kg2 f4 30. Bd1 Qb5 31. a4 Qc4 32. Bb3 f3+ 33. Kg1 Qe2 34. Nxc6+
bxc6 {(Draw offer)} 35. Bxd5+ Kc8 36. Qxe2 {time} 1-0

[Event "2nd White Rose"]
[Site "York"]
[Date "2000.02.01"]
[Round "9"]
[White "Benitah, Yohan"]
[Black "Jamieson, Peter McKeich"]
[Result "1-0"]
[WhiteElo "2397"]
[BlackElo "2295"]
[PlyCount "103"]
[EventDate "2000.01.24"]
[EventType "tourn"]
[EventRounds "9"]
[EventCountry "ENG"]
[EventCategory "1"]
[SourceTitle "BritBase"]
[Source "John Saunders"]
[SourceDate "2008.07.14"]
[SourceVersion "1"]
[SourceVersionDate "2008.07.14"]
[SourceQuality "2"]

1. d4 Nf6 2. c4 g6 3. Nc3 Bg7 4. e4 d6 5. f3 O-O 6. Bg5 c5 7. d5 h6 8. Be3 e6
9. Qd2 exd5 10. cxd5 Re8 11. Nge2 Na6 12. Ng3 h5 13. Bc4 Bd7 14. O-O Rb8 15.
Nb5 Bxb5 16. Bxb5 Re7 17. Bg5 Nc7 18. Be2 Qe8 19. Rad1 Nb5 20. Bxb5 Qxb5 21.
Qf4 Qxb2 22. Qxd6 Rbe8 23. Qxc5 Qxa2 24. Rfe1 b6 25. Qc6 Qb2 26. Rd2 Qb4 27.
Rdd1 Qc5+ 28. Qxc5 bxc5 29. d6 Rd7 30. e5 Nh7 31. Be7 h4 32. Ne4 Bxe5 33. Nxc5
Rdxe7 34. dxe7 Rxe7 35. Kf1 Bf6 36. Ne4 Bb2 37. Re2 Ba3 38. Rd4 a5 39. Ra4 Bb4
40. Rxb4 axb4 41. Nf6+ Nxf6 42. Rxe7 Kg7 43. Re5 Nh7 44. Rb5 g5 45. Rxb4 Nf6
46. f4 Kg6 47. fxg5 Kxg5 48. h3 Kh5 49. Kf2 Nh7 50. Kf3 f6 51. Rb5+ Ng5+ 52.
Kf4 1-0

[Event "2nd White Rose"]
[Site "York"]
[Date "2000.02.01"]
[Round "9"]
[White "Dunnington, Angus"]
[Black "Fantin, Ludwig"]
[Result "1-0"]
[WhiteElo "2372"]
[BlackElo "2114"]
[PlyCount "79"]
[EventDate "2000.01.24"]
[EventType "tourn"]
[EventRounds "9"]
[EventCountry "ENG"]
[EventCategory "1"]
[SourceTitle "BritBase"]
[Source "John Saunders"]
[SourceDate "2008.07.14"]
[SourceVersion "1"]
[SourceVersionDate "2008.07.14"]
[SourceQuality "2"]

1. Nf3 Nf6 2. g3 g6 3. b3 Bg7 4. Bb2 d5 5. c4 c6 6. Bg2 O-O 7. O-O b5 8. Qc2
Bf5 9. d3 bxc4 10. bxc4 Qc8 11. Rc1 Bh3 12. cxd5 cxd5 13. Qb3 Qd7 14. Bxh3 Qxh3
15. Bxf6 Bxf6 16. Qxd5 Nc6 17. Nc3 Rac8 18. Rab1 Rfd8 19. Qe4 e6 20. Nd1 Ne7
21. Ne3 h5 22. Kh1 e5 23. Nxe5 h4 24. Qg4 Qxg4 25. N5xg4 Bd4 26. Rxc8 Rxc8 27.
Nc4 h3 28. Nge3 Rc6 29. Kg1 Kg7 30. Kf1 Nc8 31. Nc2 Bc3 32. e3 g5 33. Rb3 Bf6
34. Ke2 Nb6 35. Nb4 Rc5 36. Nxb6 axb6 37. Kd2 g4 38. d4 Ra5 39. Rb2 Be7 40. Nc6
1-0

[Event "2nd White Rose"]
[Site "York"]
[Date "2000.02.01"]
[Round "9"]
[White "Jonkman, Harmen"]
[Black "Forbes, Cathy"]
[Result "1-0"]
[WhiteElo "2446"]
[BlackElo "2089"]
[PlyCount "91"]
[EventDate "2000.01.24"]
[EventType "tourn"]
[EventRounds "9"]
[EventCountry "ENG"]
[EventCategory "1"]
[SourceTitle "BritBase"]
[Source "John Saunders"]
[SourceDate "2008.07.14"]
[SourceVersion "1"]
[SourceVersionDate "2008.07.14"]
[SourceQuality "2"]

1. e4 c5 2. c3 d5 3. exd5 Qxd5 4. d4 Nf6 5. Nf3 Nc6 6. Be2 e6 7. Na3 Bd6 8. c4
Qh5 9. Nb5 Bb8 10. Ng5 Qg6 11. dxc5 e5 12. Nd6+ Bxd6 13. Qxd6 Bf5 14. Nf3 Ne4
15. Qxg6 hxg6 16. Be3 Nb4 17. O-O Nc2 18. Rac1 Nxe3 19. fxe3 f6 20. b4 a5 21.
a3 Ke7 22. Bd3 Ng3 23. hxg3 Bxd3 24. Rfd1 Be2 25. Rd2 Bxf3 26. gxf3 axb4 27.
axb4 Rhd8 28. Rxd8 Kxd8 29. Rc2 Kc7 30. b5 Rd8 31. Kf2 f5 32. g4 Rh8 33. Kg3
Rh1 34. Rd2 Rc1 35. Rd5 f4+ 36. exf4 exf4+ 37. Kxf4 Rxc4+ 38. Kg5 Rb4 39. b6+
Kc6 40. Re5 Rb3 41. Kxg6 Rxf3 42. Kxg7 Kd7 43. g5 Rf1 44. g6 Rf2 45. Kg8 Rg2
46. g7 1-0

[Event "2nd White Rose"]
[Site "York"]
[Date "2000.02.01"]
[Round "9"]
[White "Kinsman, Andrew"]
[Black "Saunders, John C"]
[Result "1-0"]
[WhiteElo "2399"]
[BlackElo "2200"]
[PlyCount "125"]
[EventDate "2000.01.24"]
[EventType "tourn"]
[EventRounds "9"]
[EventCountry "ENG"]
[EventCategory "1"]
[SourceTitle "BritBase"]
[Source "John Saunders"]
[SourceDate "2008.07.14"]
[SourceVersion "1"]
[SourceVersionDate "2008.07.14"]
[SourceQuality "2"]

1. d4 g6 2. e4 Bg7 3. Nc3 c6 4. Be3 d5 5. Qd2 dxe4 6. Nxe4 Nf6 7. Nxf6+ Bxf6 8.
O-O-O O-O 9. Bh6 Re8 10. h4 e5 11. dxe5 Qxd2+ 12. Bxd2 Bxe5 13. Re1 Bd7 14. Nf3
Bg7 15. Bc4 b5 16. Bb3 h6 17. Bf4 a5 18. a3 Na6 19. Ne5 Bxe5 20. Bxe5 Nc5 21.
Ba2 Be6 22. Bxe6 Rxe6 23. Bd4 Rxe1+ 24. Rxe1 Ne6 25. Bb6 a4 26. g3 Kg7 27. Rd1
g5 28. h5 Rb8 29. Ba5 c5 30. Bc3+ Kf8 31. Be5 Rb6 32. Bf6 Ng7 33. Rd8+ Ne8 34.
Bc3 Ke7 35. Rc8 Kd7 36. Rxc5 Nd6 37. Rd5 Ke6 38. Re5+ Kd7 39. Bb4 Nc8 40. Rd5+
Ke6 41. Rd8 Rc6 42. f3 Nb6 43. Rh8 Kf5 44. Rh7 f6 45. Rxh6 Nc4 46. Rh7 Ne5 47.
Rb7 Nxf3 48. Rxb5+ Kg4 49. h6 Rc7 50. Bf8 Kh5 51. Bg7 Kg6 52. Rb6 Rf7 53. b3
axb3 54. cxb3 Ne5 55. Rd6 Ng4 56. b4 Re7 57. Kd2 Ra7 58. Rd3 Ne5 59. Rc3 g4 60.
Kc2 Nf3 61. Kb2 Nd2 62. Rc6 Ne4 63. Re6 1-0

[Event "2nd White Rose"]
[Site "York"]
[Date "2000.02.01"]
[Round "9"]
[White "Wooldridge, Leon"]
[Black "Frost, Nicholas A"]
[Result "0-1"]
[WhiteElo "2185"]
[BlackElo "2109"]
[PlyCount "76"]
[EventDate "2000.01.24"]
[EventType "tourn"]
[EventRounds "9"]
[EventCountry "ENG"]
[EventCategory "1"]
[SourceTitle "BritBase"]
[Source "John Saunders"]
[SourceDate "2008.07.14"]
[SourceVersion "1"]
[SourceVersionDate "2008.07.14"]
[SourceQuality "2"]

1. d4 e6 2. Nf3 f5 3. g3 Nf6 4. Bg2 d5 5. O-O Bd6 6. c4 c6 7. b3 Qe7 8. a4 O-O
9. Ba3 Bxa3 10. Rxa3 Ne4 11. a5 Nc3 12. Qc2 Nxb1 13. Ra2 Na3 14. Qc1 Nxc4 15.
bxc4 Nd7 16. cxd5 cxd5 17. Rc2 Qd8 18. Qe3 Nb8 19. Ng5 Qd6 20. Rfc1 Na6 21. Qb3
Rb8 22. g4 fxg4 23. Qb1 g6 24. e3 Bd7 25. f3 Qe7 26. h4 h6 27. Rb2 hxg5 28. Bf1
Kg7 29. Bxa6 gxf3 30. Bd3 gxh4 31. Rh2 g5 32. Rc7 Rfc8 33. Bh7 Rxc7 34. Qg6+
Kh8 35. Bg8 Rxg8 36. Qh5+ Qh7 37. Qxf3 Rc1+ 38. Kf2 Qc2+ 0-1